| 000 | 00527nam a2200181 a 4500 | ||
|---|---|---|---|
| 005 | 20220908132127.0 | ||
| 008 | 991125s1965 bar 000 0 spa u | ||
| 035 | _aUPN01000057870 | ||
| 049 | _aCG | ||
| 050 | 4 |
_aQB46 _bH3.98 |
|
| 100 | 1 | _aHack, Margherita | |
| 245 | 1 | 3 |
_aEl universo / _cMargherita Hack ; tr. J. Ignacio F. de la Reguera. |
| 260 |
_aBarcelona : _bLabor, _c1965. |
||
| 300 |
_a263 p. : _bil. |
||
| 440 | 0 |
_aNueva colección Labor ; _v6 |
|
| 650 | 7 |
_aAstronomía _xEstudio y enseñanza _2 _98510 |
|
| 905 | _aLibro | ||
| 999 |
_c57870 _d57870 |
||